| 000 | 00650nam a2200193 a 4500 | ||
|---|---|---|---|
| 001 | 000005566 | ||
| 005 | 20200929151720.0 | ||
| 008 | 090820s1987 sp a 000 0 spa d | ||
| 020 | _a8400066243 | ||
| 040 |
_aDO-SdBNP _bspa _cBNPHU |
||
| 082 |
_axxxx _bxxxx |
||
| 245 | 0 | 0 |
_aIntroducción a los sensores / _cprólogo ; Jaime Sodupe. |
| 260 |
_aMadrid : _bCSIC, _bCDTI, _c1987. |
||
| 300 |
_a157 p. : _bil. ; _c21 cm. |
||
| 504 | _aBibliografía : p. 155-157 | ||
| 700 | 1 | 2 |
_aSodupe, Jaime, _eed. _915727 |
| 710 | 2 |
_aConsejo Superior de Investigaciones Científicas, CSIC _915728 |
|
| 710 | 2 |
_aCentro para el Desarrollo Tecnológico Industrial, CDTI _915729 |
|
| 999 |
_c5365 _d5365 |
||